00481nam a2200121Ia 4500008004100000245009500041245003600136260000900172650003800181856004800219999001900267952007300286171204s9999 xx 000 0 und d 4aThe Farmers Market Cookbook: The Ultimate Guide to Enjoying Fresh, Local, Seasonal Produce cBrett Grohsgal and Julia Shanks c2016 xCulinary Arts & Sciences with Lab uhttp://down.ebook777.com/042/0865718229.pdf c346635d346635 001040aCLbCLd2017-12-04l0r2017-12-04 00:00:00w2017-12-04yCBE